书目信息 |
| 题名: |
图书宣传实用美术
|
|
| 作者: | ;广东省新华书店 主编 | |
| 分册: | ||
| 出版信息: | 长沙 湖南美术出版社 1985 |
|
| 页数: | 134页 | |
| 开本: | 17cm | |
| 丛书名: | ||
| 单 册: | ||
| 中图分类: | J228.1 | |
| 科图分类: | ||
| 主题词: | 图书宣传-宣传画--中国--现代--画册 , 宣传画-图书宣传--中国--现代--画册 | |
| 电子资源: | ||
| ISBN: | ||
| 000 | 00714nam0 2200241 45 | |
| 001 | 0185008605 | |
| 005 | 20060804175057.96 | |
| 010 | @dCNY3.10 | |
| 091 | @aCN@b8233.791 | |
| 100 | @a19900918d1985 em y0chiy0121 ea | |
| 101 | 0 | @achi |
| 102 | @aCN@b430000 | |
| 105 | @aa z 000yy | |
| 200 | 10 | @a图书宣传实用美术@Atu shu xuan chuan shi yong mei shu@f广东省新华书店主编 |
| 210 | @a长沙@c湖南美术出版社@d1985 | |
| 215 | @a134页@d17cm | |
| 606 | @a图书宣传-宣传画@y中国@z现代@x画册 | |
| 606 | @a宣传画-图书宣传@y中国@z现代@x画册 | |
| 690 | @aJ228.1@v3 | |
| 711 | 02 | @a广东省新华书店@Aguang dong sheng xin hua shu dian@4主编 |
| 801 | 2 | @aCN@bNLC@c20060804 |
| 801 | 0 | @aCN@bTSSF |
| 905 | @a10447@dJ228.1@e155 | |
| 图书宣传实用美术/广东省新华书店主编.-长沙:湖南美术出版社,1985 |
| 134页;17cm |
| ISBN :CNY3.10 |
| ● |
| 相关链接 |
|
|
|
|
正题名:图书宣传实用美术
索取号:J228.1/155
 
预约/预借
| 序号 | 登录号 | 条形码 | 馆藏地/架位号 | 状态 | 备注 |
| 1 | 0444693 | 204446938 | 密集书库/ [索取号:J228.1/155] | 在馆 | |
| 2 | 0444694 | 204446947 | 密集书库/ [索取号:J228.1/155] | 在馆 |